Draft
Đã lưu trong:
| Formáid: | Leabhar |
|---|---|
| Teanga: | Undetermined |
| Foilsithe: |
U.S.A.
Microalgal Technology Research Institute
|
| Ábhair: | |
| Clibeanna: |
Cuir Clib Leis
Gan Chlibeanna, Bí ar an gcéad duine leis an taifead seo a chlibeáil!
|
| Thư viện lưu trữ: | Trung tâm Học liệu Trường Đại học Cần Thơ |
|---|
| LEADER | 00485nam a2200169Ia 4500 | ||
|---|---|---|---|
| 001 | CTU_150272 | ||
| 008 | 210402s9999 xx 000 0 und d | ||
| 082 | |a 579.8 | ||
| 082 | |b S485 | ||
| 245 | 0 | |a Draft | |
| 245 | 0 | |c William R. Barclay ... [et al.] | |
| 260 | |a U.S.A. | ||
| 260 | |b Microalgal Technology Research Institute | ||
| 650 | |a Microbiology,Algae | ||
| 650 | |x Cultures and culture media,Growth | ||
| 904 | |i Giang | ||
| 980 | |a Trung tâm Học liệu Trường Đại học Cần Thơ | ||